| 000 | 00960nam a2200265 i 4500 | ||
|---|---|---|---|
| 001 | bg | ||
| 245 | 0 | 0 |
_aKomunikowanie i obywatelskość : _bmass media w społeczeństwie, czyli atak na system nadawców publicznych : plotki, sensacje, doniesienia / _cpod red. Petera Dahlgrena, Colina Sparksa ; [tł. Marta Hudak]. |
| 246 | 0 |
_iTyt. oryg. : _aCommunication and citizenship |
|
| 260 |
_aWrocław : _bWydawnictwo Astrum, _c2007. |
||
| 300 |
_a254 s. ; _c23 cm. |
||
| 650 | 9 | _aŚrodki masowego przekazu | |
| 650 | 9 | _aKomunikacja społeczna | |
| 655 | _aPodręczniki | ||
| 700 | 1 |
_aDahlgren, Peter. _eRed. |
|
| 700 | 1 |
_aSparks, Colin. _eRed. |
|
| 700 | 1 |
_aHudak, Maria. _eTł. |
|
| 020 | _a8372772347 | ||
| 040 | _cBPK | ||
| 041 | 1 |
_apol _heng |
|
| 080 | _a659.3:316.77 | ||
| 920 | _a83-7277-234-7 | ||
| 942 | _cKS | ||
| 008 | s pl f |000 0 pol | ||
| 999 |
_c53986 _d53986 |
||
| 856 |
_uhttp://koha.tu.koszalin.pl/cgi-bin/koha/opac-detail.pl?biblionumber=53986 _yKatalog online BPK |
||